Ethnicity and fertility in Thailand

Bibliographic Details
Main Author: PRASITHRATHSINT
Corporate Author: Institute of Southeast Asian Studies (ISEAS)
Format: Book
Published: Singapore : Institute of Southeast Asian Studies , 1985
Series:Ethnicity and fertility in Southeast Asia series
Research notes and discussions paper ; n. 51
Subjects:

MARC

LEADER 00000cam a2200000 7i4500
001 0000001426
005 20010625.0
020 0 0 |a 9971988135 
090 0 0 |a 304.6309593   |b PRA 1985 
100 1 0 |a PRASITHRATHSINT   |h Suchart 
245 1 0 |a Ethnicity and fertility in Thailand   |c by Suchart Prasithrathsint 
260 0 0 |a Singapore :   |b Institute of Southeast Asian Studies ,   |c 1985 
300 |a xviii, 270 p. ;   |c 23 cm. 
440 0 0 |a Ethnicity and fertility in Southeast Asia series 
440 0 0 |a Research notes and discussions paper ; n. 51 
500 0 0 |a Bibliography : [p. 265-270] 
650 0 0 |a Ethnicity   |z Thailand 
650 0 0 |a Fertility, Human   |z Thailand 
710 1 1 |a Institute of Southeast Asian Studies (ISEAS) 
998 |a JPSM 
999 |a 0000002495   |b Monograph   |c Open Shelf   |e Default branch